Statistiques concernant Les créatures légendaires d'Europe

Cliquez ici pour prendre le quiz!

Statistiques générales

  • Ce quiz a été pris 71 fois
  • Le résultat moyen est 5 sur 50

Statistiques - réponses

MythologiesIndicesCréatures% Correct
GrecqueN'a qu'un oeilCyclope
69%
GrecqueMi-homme mi-chevalCentaure
66%
GrecqueMi-homme mi-taureauMinotaure
55%
NordiquePetit lutinElfe
45%
GrecqueSerpent au regard mortelBasilic
42%
IrlandaiseFabricant de chaussuresLeprechaun
40%
ScandinaveEsprit norvégienTroll
37%
NordiqueLoup fils de LokiFenrir
34%
EcossaiseMonstre lacustreNessie
29%
BretonneMortAnkou
11%
BretonneLutinKorrigan
8%
Franco-belgeFée à la queue de serpentMélusine
8%
NordiqueSerpent de merJormungand
6%
IrlandaiseFemme poissonMasgugue
3%
Franco-belgeCheval-féeBayard
2%
Franco-belgeDragon lacustreDrac
2%
ScandinaveCheval à trois jambesHelhest
2%
BritanniqueReine des féesTitania
2%
CelteDragon lacustreAddanc
0%
GermaniqueMandragoreAlrune
0%
CelteEnfant à queue de serpentAnguipède
0%
BritanniqueNains belliqueuxArragoussets
0%
NordiqueVache nourricière d'YmirAudhumla
0%
SlaveEsprit des bainsBannik
0%
BasqueHomme sauvageBasajaun
0%
BasqueFemme sauvageBasandere
0%
GermaniqueNains gentilsBergleute
0%
Franco-belgeLoup-garouBirette
0%
BritanniqueNain velu malveillantBoggart
0%
EcossaiseOiseau aquatique rugissantBoobrie
0%
EcossaiseBon génie domestiqueBrownie
0%
SlaveMonstre à six bras cornuBukavac
0%
RomaineBuffle à la tête lourdeCatoblépas
0%
EcossaiseRemplaçant de nourrissonChangeling
0%
RomaineChien maléfiqueCrocotta
0%
CelteDragon-serpentCuélebre
0%
ScandinaveHabitant des forêtsErlkonig
0%
IrlandaiseLutin squatteurFir Darrig
0%
GermaniqueRustreGrobian
0%
SlaveEsprit du feuJij
0%
SlaveEsprit féminin de la maisonKikimora
0%
GermaniqueLutinKobold
0%
RomaineSpectres malfaisantsLémures
0%
RomaineSirèneLeucosie
0%
BasqueGéants constructeurs de dolmenMairu
0%
BritanniqueFarfadetPuck
0%
CeltePoisson - sagesseSaumon du savoir
0%
BasqueCyclopeTartaro
0%
Franco-belgeFées de l'estTiffenotte
0%
ScandinaveCorbeau des mortsValraven
0%

Distribution des résultats

Percentile par nombre de réponses

% des personnes avec chaque résultat

Votre développement - résultats

Vous n’avez pas pris ce quiz